A beauty or a beast? (Record no. 72540)

MARC details
000 -LEADER
fixed length control field 01347cam a2200241 4500
001 - CONTROL NUMBER
control field X122083
008 - FIXED-LENGTH DATA ELEMENTS--GENERAL INFORMATION
fixed length control field 030424n2003 000 0 eng u
035 ## - SYSTEM CONTROL NUMBER
System control number (Sirsi) u122083
100 ## - MAIN ENTRY--PERSONAL NAME
Personal name Gibson, R.
245 #2 - TITLE STATEMENT
Title A beauty or a beast?
260 ## - PUBLICATION, DISTRIBUTION, ETC.
Date of publication, distribution, etc. 2003
490 ## - SERIES STATEMENT
Series statement Estates Gazette
Volume/sequential designation (0315) 12 April 2003, 53-56(4)
520 ## - SUMMARY, ETC.
Summary, etc. A planning inquiry was launched on 15 April to decide the fate of London Bridge Tower, Renzo Piano's design for Europe's tallest tower. Article discusses the perceived impact of London Bridge Tower on London's skyline, in particular the view of St Paul's Catheral, and provides conflicting opinions from CABE, English Heritage, Lord Rogers, Cushman & Wakefield Healey & Baker, Historic Royal Palaces and the Greater London Authority. Also describes how London Bridge Tower is designed to accommodate Thameslink 2000 and Railtrack's master plan. Suggests that the inquiry will determine the success of the Mayor's London plan and his promotion of tall buildings. Pictures. Diagram.
650 ## - SUBJECT ADDED ENTRY--TOPICAL TERM
Topical term or geographic name entry element PLANNING INQUIRIES
650 ## - SUBJECT ADDED ENTRY--TOPICAL TERM
Topical term or geographic name entry element ST PAULS CATHEDRAL
650 ## - SUBJECT ADDED ENTRY--TOPICAL TERM
Topical term or geographic name entry element TALL BUILDINGS
650 ## - SUBJECT ADDED ENTRY--TOPICAL TERM
Topical term or geographic name entry element TRANSPORT LINKS
650 ## - SUBJECT ADDED ENTRY--TOPICAL TERM
Topical term or geographic name entry element LONDON BRIDGE
650 ## - SUBJECT ADDED ENTRY--TOPICAL TERM
Topical term or geographic name entry element TOWER BLOCKS
650 ## - SUBJECT ADDED ENTRY--TOPICAL TERM
Topical term or geographic name entry element BUILT ENVIRONMENT-CONSTRUCTION DESIGN
690 ## - LOCAL SUBJECT ADDED ENTRY--TOPICAL TERM (OCLC, RLIN)
Topical term or geographic name as entry element ENVIRONMENTAL AND LAND CONSULTANCY-PLANNING AND DEVELOPMENT
942 ## - ADDED ENTRY ELEMENTS (KOHA)
Suppress in OPAC 0
Holdings
Withdrawn status Lost status Source of classification or shelving scheme Damaged status Not for loan Home library Current library Shelving location Date acquired Total Checkouts Full call number Barcode Date last seen Copy number Price effective from Koha item type
    Dewey Decimal Classification     London London Journal article 24/04/2003   X122083 122083-1001 06/08/2019 1 06/08/2019 Journal article